| 000 | 00371cam a2200145ua 4500 | ||
|---|---|---|---|
| 041 |
_aeng _h |
||
| 082 |
_a823.308 _bANA/ST |
||
| 100 | _aAnanyan, Vakhtang . | ||
| 245 |
_aSteep paths / _cVakhtang Ananyan. _hTextual Documents |
||
| 260 |
_aMoscow : _bForeign Language Publishing House , _c1982. |
||
| 300 | _a166 ; . | ||
| 504 | _a | ||
| 942 | _cBK | ||
| 999 |
_c8873 _d8873 |
||